|
|
|
|
| LEADER |
01027naa a2200193 i 4500 |
| 001 |
publ5087 |
| 005 |
20200505181411.0 |
| 008 |
150330s2011 hu o 0|| zxx d |
| 020 |
|
|
|a 978-0773415195
|
| 024 |
7 |
|
|a 1660035
|2 mtmt
|
| 040 |
|
|
|a SZTE Publicatio Repozitórium
|b hun
|
| 041 |
|
|
|a zxx
|
| 100 |
1 |
|
|a Kiss Attila
|
| 245 |
1 |
0 |
|a Postmodern fantasies of corporeality
|h [elektronikus dokumentum] :
|b identity and visual agency in postmodern anatomy theatres /
|c Kiss Attila
|
| 260 |
|
|
|a Edwin Mellen Press
|b Lewiston; Queenston; Lampeter
|c 2011
|
| 300 |
|
|
|a 251-276
|
| 490 |
0 |
|
|a Anna Kérchy (szerk.) Postmodern Reinterpretations of Fairy Tales: How Applying New Methods Generates New Meaning
|
| 856 |
4 |
0 |
|u http://publicatio.bibl.u-szeged.hu/5087/1/Kiss_Postmodern%20fantasies_of_corporeality.pdf
|z Dokumentum-elérés
|
| 856 |
4 |
0 |
|u http://publicatio.bibl.u-szeged.hu/5087/7/1660035_Academic%20Book_%20Postmodern%20Reinterpretations%20of%20Fairy%20Tales_%20How%20Applying%20New%20Methods%20Generates%20New%20Meanings.pdf
|z Dokumentum-elérés
|